000 00555nam a2200205Ia 4500
005 20240823023720.0
008 240823s9999||||xx |||||||||||||| ||und||
020 _a978-0-07-058244-6
041 _aENGLISH
082 _A624 P9
100 _a"Peurifoy,Robert L"
245 0 _a"Construction Planning,Equipment,and Methods"
250 _aVIth
260 _c2009
_b"Tata Mcgraw Hill,New "
500 _aYES
650 _a"Construction Planning,Equipment,and Methods"
_bCivil
700 _a" Schexnayder,Clifford J"
942 _cBK
999 _c182203
_d182203